Bayesian essentials with R
Guardat en:
| Autors principals: | , |
|---|---|
| Format: | Llibre |
| Idioma: | anglès |
| Publicat: |
Nueva York
Springer
2014
|
| Edició: | 2a. ed |
| Matèries: | |
| Etiquetes: |
Afegir etiqueta
Sense etiquetes, Sigues el primer a etiquetar aquest registre!
|
MARC
| LEADER | 00000cam a2200000 a 4500 | ||
|---|---|---|---|
| 001 | UCD7647 | ||
| 003 | CL-VaPUC | ||
| 008 | 170331e20140000us |||||||||||||||||eng|d | ||
| 020 | |a 9781461486862 | ||
| 082 | 0 | 4 | |a 519.7 |b MAR |2 21 |
| 100 | |a Marin, Jean-Michel |e autor |9 591653 | ||
| 700 | 0 | |a Robert, Christian p |e author |9 591654 | |
| 245 | 1 | 0 | |a Bayesian essentials with R |
| 250 | |a 2a. ed | ||
| 300 | |a 296 p | ||
| 942 | |c BK | ||
| 945 | |d 20170331 00:58:00 |a arojas | ||
| 260 | |a Nueva York |b Springer |c 2014 | ||
| 650 | 0 | |a Estadística |9 259535 | |
| 650 | 0 | |a Estadística matemática |9 260028 | |
| 650 | 7 | |a BAYESIAN |2 CL-VaPUC |9 534925 | |
| 583 | |a last modification |c 20181120 01:48:07 |k Rodrigo Vera | ||
| 999 | |c 367621 |d 367619 | ||
| 952 | |0 0 |1 0 |3 erd |4 0 |6 519_700000000000000_MAR_2014 |7 0 |8 A |9 482613 |a BIBGIM |b BIBGIM |i 5370035 |l 4 |m 5 |o 519.7 MAR 2014 |p 5370035 |r 2025-01-15 |s 2023-04-04 |w 2019-11-24 |y BK |z Catalogado en:20170331 |k EST | ||
| 952 | |0 0 |1 0 |3 erd |4 0 |6 519_700000000000000_MAR_2014 |7 0 |8 A |9 482614 |a BIBGIM |b BIBGIM |i 5516307 |l 1 |o 519.7 MAR 2014 |p 5516307 |r 2025-01-15 |s 2022-08-08 |w 2019-11-24 |y BK |z Catalogado en:20181123 |k EST | ||